| 000 | 00433nam a2200169 4500 | ||
|---|---|---|---|
| 005 | 20260108135752.0 | ||
| 008 | 260108b |||||||| |||| 00| 0 eng d | ||
| 020 | _a978-1-84-604124-2 | ||
| 041 | _aEnglish | ||
| 082 |
_aX 940.53 FRA _bB12130 |
||
| 100 |
_aFrankl, Viktor E. _9216226 |
||
| 245 | _aMan's Search For Meaning | ||
| 260 |
_aUK _bRandom House _c2008 |
||
| 300 |
_a154p _bpb |
||
| 365 |
_aRupaye _b399 _cINR |
||
| 942 | _cBK | ||
| 999 |
_c369765 _d369765 |
||